1429 1410 1308 1735 1853 1305 1330 2000 1661 1654 1565 1097 1929 1396 1317 1434 1781 1964 1903 1190 1678 1484 1053 1482 1466 1062 1155 1470 1828 1204 1902 1891 1482 1771 1552 1139 1456 1237 1106 1224 1855 1603 1447 1094 1940 1420 1937 1524 1164 1804 1255 1946 1566 1221 1903 1243 1733 1768 1921 1455 1161 1702 1185 1517 1520 1066 1264 1488 1194 1501 1155 1855 1591 1067 1485 1371 1397 1745 1298 1933 1583 1594 1011 1677 1792 1303 1922 1835 1780 1024 1425 1911 1468 1406 1918 1586 1338 1347 1262 BCNSPRNW ULIB Ver.6.0+V

เปลี่ยนเป็นภาษาไทย

Change to English
 แสดงรายละเอียดบรรณานุกรม
  กลับหน้าหลัก

Brief Record : Get Marc (ISO 2709) : E-mail record : QR code < ปิดหน้าต่าง
LEADER : 00000nam 2200000uu 4500
001    13399123384
003     ULIB
008    140903s0091||||th 000 0 tha d
099    วจWY18^bพ879ค
100 0  เพ็ญศรี ชุนใช้, ศิริพร จิรวัฒน์กุล, ดารุณี จงอุดมการณ์ และนิภา สนองชาติ
245 00 ความคิดเห็นของนักศึกษาต่อการศึกษาวิชาชีพการพยาบาลของคณะพยาบาลศาสตร์ มหาวิทยาลัยขอนแก่น/^cเพ็ญศรี ชุนใช้, ศิริพร จิรวัฒน์กุล, ดารุณี จงอุดมการณ์ และนิภา สนองชาติ
260    ขอนแก่น :^bคณะพยาบาลศาสตร์ มหาวิทยาลัยขอนแก่น,^c2533
300    66 หน้า
650  0 วิชาชีพการพยาบาล
945    ^p0^l0^i009112
999    ^aเกษร โพธิ์สุวรรณ
รายการนี้ยังไม่มีแท็ก
คุณยังไม่ได้ล็อกอิน คุณสามารถมีกิจกรรมร่วมกับเว็บไซต์ได้ แต่ต้องล็อกอินก่อน ::
  ล็อกอิน

รายการสื่อสารสนเทศ

ลำดับที่ ประเภท เลขเรียก/บาร์โค้ด สถานที่ สถานะ
1. งานวิจัย
งานวิจัย
วจWY18 พ879ค ฉ.1 
  Barcode: 009112
ห้องสมุดวิทยาเขตสวรรค์ประชารักษ์
►วิจัย
บนชั้น

รายการใกล้เคียง
    หัวเรื่อง [วิชาชีพการพยาบาล]

BibComment


ยังไม่เคยถูกคอมเมนท์

คอมเมนท์ทรัพยากรรายการนี้
  คอมเมนท์: ความคิดเห็นของนัก..


 Copyright 2026. Bcnsprnw @Library